00535 2200205 4500001002100000005001500021035002000036007000300056008004100059020001800100082001200118084001800130100002100148245004400169250001000213260004600223300002500269650002200294990001300316INLIS00000000000063720171011025655 a0010-1017000191ta171011 f 0 ind  a979-592-174-6 a297.672 a297.672 YAS f0 aYasin, M. Nu'aim1 aFiqih Kedokteran /cDr. M. Nu'aim Yasin aCet.3 aJakarta Timur :bPustaka AlKautsar,c2006 a275hlm ;c15 x 24 cm aKedokteran, Islam a1071 732